The monster / (Record no. 38444)

MARC details
000 -LEADER
fixed length control field 00611nam a22001937a 4500
005 - DATE AND TIME OF LATEST TRANSACTION
control field 20100731150134.0
010 ## - LCCN (DPL NO)
LC control number ENG-97552
020 ## - INTERNATIONAL STANDARD BOOK NUMBER
International Standard Book Number 9788190903233
Terms of availability 350.00
035 ## - SYSTEM CONTROL NUMBER
System control number EN-81085
037 ## - SOURCE OF ACQUISITION
Source of stock number/acquisition DBAD/PUB
082 ## - DEWEY DECIMAL CLASSIFICATION NUMBER
Classification number S
100 ## - MAIN ENTRY--PERSONAL NAME
Personal name Crane, Stephen
245 ## - TITLE STATEMENT
Title The monster /
Statement of responsibility, etc by Stephen Crane
260 ## - PUBLICATION, DISTRIBUTION, ETC. (IMPRINT)
Place of publication, distribution, etc New Delhi
Name of publisher, distributor, etc Kutub Publication
Date of publication, distribution, etc 2009
270 ## - ADDRESS
Address 33/1, Bhul Bhullian Road, Mehrauli
City New Delhi
Postal code 110030
300 ## - PHYSICAL DESCRIPTION
Extent 227p.
Dimensions 22cm (Hb)
942 ## - ADDED ENTRY ELEMENTS (KOHA)
Source of classification or shelving scheme Dewey Decimal Classification
Item type English Books
Classification part S
Call number suffix CRA
Holdings
Withdrawn status Lost status Not for loan Collection code Home library Current library Date acquired Source of acquisition Cost, normal purchase price Full call number Barcode Copy number Cost, replacement price Koha item type
    Not For Loan Fiction D.B.Act.Division D.B.Act.Division 31/07/2010 DBAD/PUB 350.00 S CRA EN-81085 1 350.00 English Books

© Delhi Public Library
Hit Counter
free hit counter